US Presidents in Surname Alphabetical Order - Statistics

General Stats
  • This quiz has been taken 78 times
  • The average score is 28 of 45
Answer Stats
Hint Answer % Correct
A Adams, John
94%
A Adams, John Quincy
81%
B Biden, Joe
79%
B Bush, George W
77%
A Arthur, Chester A
74%
B Bush, George
74%
C Carter, Jimmy
72%
L Lincoln, Abraham
72%
O Obama, Barack
72%
F Ford, Gerald R
70%
R Roosevelt, Franklin D
68%
C Clinton, Bill
66%
C Coolidge, Calvin
66%
G Garfield, James
66%
R Roosevelt, Theodore
66%
C Cleveland, Grover
64%
E Eisenhower, Dwight D
64%
G Grant, Ulysses
64%
J Jackson, Andrew
64%
K Kennedy, John F
64%
N Nixon, Richard
64%
W Washington, George
64%
W Wilson, Woodrow
64%
B Buchanan, James
62%
H Hoover, Herbert
62%
J Johnson, Andrew
62%
M Madison, James
62%
T Trump, Donald
62%
V Van Buren, Martin
62%
J Jefferson, Thomas
60%
J Johnson, Lyndon B
60%
R Reagan, Ronald
60%
F Fillmore, Millard
57%
M Monroe, James
57%
H Harrison, Benjamin
55%
H Hayes, Rutherford B
53%
T Taft, William
53%
T Taylor, Zachary
53%
T Tyler, John
53%
P Pierce, Franklin
51%
P Polk, James K
51%
T Truman, Harry
51%
H Harding, Warren G
49%
H Harrison, William Henry
49%
M McKinley, William
40%
No matching quizzes found
Score Distribution
Percent of People with Each Score
Percentile by Number Answered
Your Score History
You have not taken this quiz